000 00724nam a2200253Ia 4500
003 OSt
005 20220918195214.0
006 a|||||r|||| 00| 0
007 ta
008 220917b |||||||| |||| 00| 0 eng d
024 _a84,039
037 _cTextual
040 _aARTS
_cARTS
_beng
041 _2eng
_aeng
082 _aS8z7, J1
100 _aRohrer John H ed
_989538
245 0 _aSocial psychology at the crossroad
260 _c1951
490 _aUniversity of Oklahoma lectures in social psychology ed by Gardner Murphy; 1
650 _aSOCIAL PSYCHOLOGY
700 _a Shrif Muzafer ed
_989539
942 _hS8z7, J1
_cTEXL
_2CC
999 _c207753
_d207753